[Event "7th United Insurance"]
[Site "Dhaka BAN"]
[Date "2004.05.13"]
[Round "10"]
[White "Dutta,Sa"]
[Black "Abdul,Mal"]
[Result "1-0"]
[WhiteElo "2316"]
[BlackElo "2243"]

1.e4 g6 2.d4 Bg7 3.Nc3 d6 4.Be3 Nc6 5.Qd2 e5 6.Nge2 exd4 7.Nxd4 Nxd4 8.Bxd4 Bxd4
9.Qxd4 Qf6 10.Qe3 Ne7 11.O-O-O a6 12.Nd5 Nxd5 13.exd5+ Kf8 14.Qh6+ Qg7 15.Qh4 Bf5
16.Bd3 Bxd3 17.Rxd3 Re8 18.Rc3 f6 19.a4 Re7 20.Qb4 b6 21.a5 b5 22.Rc6 Qf7
23.Rd1 Kg7 24.Rxa6 Rb8 25.Rc6 f5 26.a6 h5 27.Qd4+ Kh6 28.Qd2+ Kh7 29.Qa5 Kh6
30.a7 Ra8 31.Qa6 Qe8 32.Qb7 Re1 33.b3 Re7 34.Rxc7 Rxc7 35.Qxc7 Qe5 36.Qb6 Qe7
37.Qe3+ Qxe3+ 38.fxe3 Rxa7 39.Kb2 Re7 40.Rd3 Re4 41.Kc3 Kg5 42.Kd2 f4 43.exf4+ Kxf4
44.Rg3 Rd4+ 45.Kc3 Ke4 46.Rxg6 b4+ 47.Kb2 Rxd5 48.Rg8 Ke3 49.g4 h4 50.Rh8 Rc5
51.Kc1 Ra5 52.Rxh4 Ra1+ 53.Kb2 Rg1 54.g5 Rxg5 55.Rxb4 Rh5 56.h4 d5 57.Rg4 d4
58.b4 Rd5 59.Rg5 Rd8 60.h5 Rc8 61.h6 Kd2 62.Rg2+ Kd1 63.h7  1-0

[Event "22nd LIE-Open"]
[Site "Triesen LIE"]
[Date "2004.05.17"]
[Round "4"]
[White "Goris,T"]
[Black "Johnsen,G"]
[Result "1/2-1/2"]
[WhiteElo "2099"]
[BlackElo "2250"]

1.d4 g6 2.e4 d6 3.Nc3 Bg7 4.f4 Nf6 5.Nf3 c5 6.Bb5+ Bd7 7.e5 Ng4 8.e6 fxe6
9.Ng5 Bxb5 10.Nxe6 Bxd4 11.Nxd8 Bf2+  1/2-1/2

[Event "2nd Leonine GM"]
[Site "Dhaka BAN"]
[Date "2004.05.18"]
[Round "1"]
[White "Nguyen Anh Dung"]
[Black "Rahman,Zia"]
[Result "1/2-1/2"]
[WhiteElo "2535"]
[BlackElo "2493"]

1.d4 d6 2.e4 g6 3.Nc3 Bg7 4.Nf3 c6 5.Be2 Nd7 6.O-O Qc7 7.Be3 Ngf6 8.h3 O-O
9.Qd2 b5 10.a3 Bb7 11.Rfd1 a6 12.Bh6 c5 13.Bxg7 Kxg7 14.d5 b4 15.axb4 cxb4
16.Na4 a5 17.Bd3 Nc5 18.Qe3 Nfd7 19.Bb5 Nxa4 20.Bxa4 Nc5 21.Nd4 Rfc8 22.Bc6 e5
23.Bxb7 Qxb7 24.Nc6 a4  1/2-1/2

[Event "22nd LIE-Open"]
[Site "Triesen LIE"]
[Date "2004.05.18"]
[Round "5"]
[White "Afek,Y"]
[Black "Schwarz,U"]
[Result "1-0"]
[WhiteElo "2338"]
[BlackElo "2127"]

1.e4 g6 2.d4 Bg7 3.Nc3 d6 4.f4 c6 5.Nf3 Bg4 6.Be3 Qb6 7.Qd2 Nd7 8.O-O-O Qa5
9.e5 Bxf3 10.gxf3 d5 11.h4 e6 12.h5 O-O-O 13.Kb1 Qc7 14.Bd3 Ne7 15.Rh3 Rhg8
16.Rg1 Rde8 17.Ne2 Nf5 18.Bf2 Kb8 19.Bxf5 exf5 20.Ng3 Nf8 21.h6 Bh8 22.Nxf5 Qd7
23.Nd6 Qxh3 24.Nxe8 Ne6 25.Nd6 Qxf3 26.f5 Nf4 27.Qe3 Qxe3 28.Bxe3 Nh5 29.Nxf7 Rf8
30.fxg6 hxg6 31.Nxh8 Rxh8 32.Rxg6 Rh7 33.Rg5  1-0

[Event "Hostan Open"]
[Site "Znojmo CZE"]
[Date "2004.05.18"]
[Round "4"]
[White "Stross,F"]
[Black "Vokac,M"]
[Result "0-1"]
[WhiteElo "2244"]
[BlackElo "2462"]

1.e4 g6 2.d4 Bg7 3.Nc3 d6 4.Be3 a6 5.f4 Nd7 6.Be2 e6 7.Bf3 Ne7 8.Nge2 b5
9.g4 Bb7 10.Ng3 c5 11.O-O cxd4 12.Bxd4 Bxd4+ 13.Qxd4 Qb6 14.Rad1 e5 15.Qxb6 Nxb6
16.Rxd6 Nc4 17.fxe5 Rc8 18.Rf6 O-O 19.Nd5 Nxd5 20.exd5 Nxe5 21.Bd1 Nc4 22.d6 Rcd8
23.Bf3 Bxf3 24.R1xf3 Rxd6 25.Rxd6 Nxd6 26.Rd3 Nc4 27.g5 Nxb2 28.Rd6 a5 29.Ne4 Kg7
30.Nf6 Nc4 31.Rd5 Rb8 32.Kf2 h6 33.h4 Na3 34.Rc5 a4 35.Kf3 Nc4 36.Kf4 Nd6
37.Rc7 Rd8 38.Ng4 hxg5+ 39.hxg5 Ne8 40.Rb7 Rd4+ 41.Kf3 Rd5 42.Kf4 Rf5+  0-1

[Event "22nd LIE-Open"]
[Site "Triesen LIE"]
[Date "2004.05.19"]
[Round "6"]
[White "Goris,T"]
[Black "Buergi,O"]
[Result "1-0"]
[WhiteElo "2099"]
[BlackElo "2187"]

1.e4 g6 2.d4 Bg7 3.Nc3 d6 4.f4 a6 5.Nf3 b5 6.a3 Nd7 7.Be3 e6 8.Be2 Ne7 9.O-O O-O
10.g4 Bb7 11.Qe1 Nf6 12.Nd2 d5 13.e5 Ne4 14.Ncxe4 dxe4 15.Nb3 Nd5 16.Bd2 Nb6
17.c3 Na4 18.Na5 Bd5 19.b3 Nb2 20.c4 bxc4 21.bxc4 Nxc4 22.Bxc4 Bxc4 23.Nxc4 Qxd4+
24.Ne3 Rfd8 25.Bc3 Qc5 26.Bb4 Qb5 27.Rc1 Rd3 28.Rc5 Qb7 29.Qc1 Bf8 30.Rxc7 Qb6
31.Bxf8 Rxf8 32.Re1 Qb3 33.Kf2 Kg7 34.Rc8 Rxc8 35.Qxc8 Rd2+ 36.Kg1 Qxa3 37.f5 Rd3
38.f6+ Kh6 39.Ng2 Kg5 40.h4+ Kxg4 41.Rxe4+ Kg3 42.Qc2 Rf3 43.Ne1  1-0

[Event "22nd LIE-Open"]
[Site "Triesen LIE"]
[Date "2004.05.19"]
[Round "6"]
[White "Saric,Iv"]
[Black "Riener,W"]
[Result "1-0"]
[WhiteElo "2177"]
[BlackElo "2115"]

1.e4 d6 2.d4 g6 3.Nc3 Bg7 4.Be3 Nf6 5.f3 c6 6.Qd2 b5 7.h4 Qa5 8.Nge2 Nbd7
9.g4 Nb6 10.Ng3 Be6 11.b3 h5 12.g5 Nfd7 13.a4 b4 14.Nce2 c5 15.Bg2 c4 16.Rb1 f6
17.d5 Bf7 18.O-O Ne5 19.Kh1 c3 20.Qc1 Nbd7 21.f4 Ng4 22.Bd4 O-O 23.Bf3 f5
24.Bxg4 hxg4 25.Bxg7 Kxg7 26.h5 fxe4 27.f5 Bxd5 28.f6+ exf6 29.gxf6+ Rxf6
30.Qg5 e3+ 31.Kg1 Rf2 32.Nf5+ Rxf5 33.Qxg6+ Kh8 34.Rxf5 Ne5 35.Qh6+ Kg8 36.Rg5+ Kf7
37.Rg7+  1-0

[Event "Hostan Open"]
[Site "Znojmo CZE"]
[Date "2004.05.19"]
[Round "5"]
[White "Slaby,J"]
[Black "Vokac,M"]
[Result "0-1"]
[WhiteElo "2377"]
[BlackElo "2462"]

1.e4 g6 2.d4 Bg7 3.Nc3 d6 4.Be3 a6 5.Qd2 Nd7 6.Bd3 c5 7.Nf3 Ngf6 8.Bh6 Bxh6
9.Qxh6 cxd4 10.Nd5 Nxd5 11.Qg7 Rf8 12.exd5 Qa5+ 13.c3 Qxd5 14.O-O Nc5 15.Rad1 Bg4
16.Be2 d3 17.b4 Ne6 18.Qh6 Qh5 19.Qxh5 Bxh5 20.Bxd3 Bxf3 21.gxf3 Kd7 22.Be4 Rab8
23.c4 b6 24.b5 Nc5 25.Bc6+ Kc7 26.Rfe1 e6 27.Kg2 axb5 28.cxb5 d5 29.Re3 Kd6
30.Ra3 Rfc8 31.Kg3 Rc7 32.Kg4 f6 33.h4 Rg8 34.Rd4 h5+ 35.Kg3 g5 36.hxg5 Rxg5+
37.Kh3 Rg1 38.f4 Ne4  0-1

[Event "5th IECC"]
[Site "Antalya TUR"]
[Date "2004.05.20"]
[Round "5"]
[White "Demirel,T"]
[Black "Esen,B"]
[Result "1-0"]
[WhiteElo "2183"]
[BlackElo "2262"]

1.d4 g6 2.e4 d6 3.Nc3 Bg7 4.Be3 a6 5.a4 e6 6.Qd2 b6 7.Bd3 Nd7 8.Nf3 h6 9.O-O Ne7
10.Ne2 c5 11.c3 Bb7 12.h3 d5 13.e5 Qc7 14.Bf4 c4 15.Bc2 Nc6 16.g4 O-O-O 17.Ng3 Rdg8
18.h4 Bf8 19.g5 h5 20.Rfb1 Na5 21.Qe3 Be7 22.Nd2 Kd8 23.Ne2 Ke8 24.Bg3 Kf8
25.Nf4 Qc6 26.Kh2 Ke8 27.f3 Kd8 28.Rc1 Nb8 29.b3 cxb3 30.Bxb3 Nxb3 31.Nxb3 Ke8
32.Nd2 b5 33.Nb3 Kf8 34.Na5 Qb6 35.axb5 axb5 36.c4 dxc4 37.Nxc4 bxc4 38.Rcb1 Bb4
39.Be1 Nc6 40.Bxb4+ Nxb4 41.Qa3 Kg7 42.Rxb4 Qc6 43.d5 exd5 44.Qa7 Ra8 45.Qd4 Rxa1
46.e6+ Kh7 47.Qxa1 c3 48.Qa7 Qd6 49.Qxb7 Rf8 50.e7 Re8 51.Qxd5  1-0

[Event "TCh-NED"]
[Site "Enschede NED"]
[Date "2004.05.20"]
[Round "1"]
[White "Bitalzadeh,A"]
[Black "Piket,M"]
[Result "1/2-1/2"]
[WhiteElo "2229"]
[BlackElo "2343"]

1.e4 g6 2.d4 Bg7 3.Nc3 d6 4.Be3 a6 5.a4 b6 6.g3 Bb7 7.Bg2 e6 8.Qd2 Ne7 9.Nge2 Nd7
10.Bh6 Bxh6 11.Qxh6 Nc6 12.Qd2 Nf6 13.f4 Ne7 14.d5 exd5 15.exd5 O-O 16.O-O Nf5
17.Nd4 Nxd4 18.Qxd4 Bc8 19.Ne4 Nxe4 20.Bxe4 Bh3 21.Rf2 Re8 22.f5 Qg5 23.fxg6 hxg6
24.Bd3 Re5 25.Qf4 Qe7 26.Bf1 Bxf1 27.Raxf1 Rf8 28.Qd2 a5 29.c4 Re4 30.Qc3 f5
31.Rf4 Re3 32.Qd4 Re8 33.R4f3 Rxf3 34.Rxf3 Qe1+ 35.Rf1 Qe3+ 36.Qxe3 Rxe3
37.Rb1 Re2 38.b3 Kg7 39.Rf1 Rb2 40.Rf3 Kf6 41.g4 Kg5 42.gxf5 gxf5 43.Re3 Kf4
44.Re7 Rxb3 45.Rxc7 Rb4 46.h4 Kg3 47.Kf1 f4 48.Ke1 Rb1+ 49.Kd2 f3 50.Rg7+ Kf4
51.Rf7+ Ke4 52.h5 Rh1 53.Rf6 Rh2+ 54.Ke1 Ke5 55.Re6+ Kd4 56.Rxd6 Kxc4 57.Rxb6 Kxd5
58.Rb5+ Kd4 59.Rxa5 Ke3 60.Re5+ Kf4 61.Re8 Rxh5 62.Kf2 Rh2+ 63.Kf1  1/2-1/2

[Event "TCh-SCG"]
[Site "Petrovac SCG"]
[Date "2004.05.20"]
[Round "5"]
[White "Kalezic,B"]
[Black "Lazic,Mi"]
[Result "0-1"]
[WhiteElo "2452"]
[BlackElo "2481"]

1.e4 g6 2.d4 Bg7 3.Nc3 d6 4.Be3 a6 5.a4 b6 6.Qd2 Bb7 7.Nf3 e6 8.Bd3 Nd7 9.O-O Ne7
10.Bh6 O-O 11.Ne2 Kh8 12.Bxg7+ Kxg7 13.Ng3 Nc6 14.d5 exd5 15.exd5 Nce5 16.Nxe5 dxe5
17.c4 f5 18.Rfe1 a5 19.Rad1 Qe7 20.Ne2 Qf6 21.Bc2 Nc5 22.f4 Rae8 23.fxe5 Rxe5
24.Nd4 Rfe8 25.Nf3 Rxe1+ 26.Rxe1 Rxe1+ 27.Qxe1 c6 28.d6 Qxd6 29.b4 Ne4 30.c5 bxc5
31.bxa5 Nf6 32.Qe2 c4 33.Qxc4 c5 34.Bd3 Bd5 35.Qa6 Qe7 36.Bf1 Qe3+ 37.Kh1 Ne4
38.Qe2 Qc1 39.a6 c4 40.Qe1 Qb2 41.a7 Qb6 42.a5 Qxa7 43.h3 c3 44.Kh2 Qxa5
45.Bd3 Qc7+ 46.Kg1 c2 47.Qc1 Qc5+ 48.Kh2 Bb3 49.Ne1 Qd6+ 50.Kg1 Qd4+ 51.Kh2 Qe5+
52.Kg1 Ng5 53.Bxc2 Bxc2 54.Nxc2 Qg3 55.Kf1 Ne6 56.Qe3 Qxe3 57.Nxe3 Kf6 58.Kf2 Ke5
59.Kf3 Ng5+ 60.Kf2 Ne6 61.Kf3 Nd4+ 62.Kf2 Ke4 63.Nc4 h5 64.Nd6+ Ke5 65.Nc4+ Kd5
66.Ne3+ Ke4 67.Nc4 h4 68.Ne3 Ne6 69.Nc4 Nc5 70.Nb6 Nd3+ 71.Ke2 Nf4+ 72.Kf2 Nd5
73.Nd7 g5 74.Nc5+ Ke5 75.Kf3 Nf6 76.Ke3 Ne4 77.Nd3+ Ke6 78.Kf3 Nf6 79.Ke3 Nd7
80.Kd4 Kf6 81.Nb4 g4 82.hxg4 fxg4 83.Ke3 Kg5 84.Nd3 Kf5 85.Kf2 Ne5 86.Nc5 g3+
87.Ke3 Kg4 88.Ne4 Nd7 89.Ke2 Kf4 90.Nc3 Nf6 91.Kf1 Ke3 92.Kg1 Kd3 93.Nb5 Ne4
94.Nc7 Ke2 95.Nd5 Nd6 96.Nf4+ Ke1 97.Nd3+ Kd2 98.Nf4 Nf5 99.Ng6 Ke1 100.Kh1 h3
101.Nf4 Kf1 102.Nxh3 Ne3 103.Ng5 Ng4 104.Ne4 Nf2+  0-1

[Event "22nd LIE-Open"]
[Site "Triesen LIE"]
[Date "2004.05.20"]
[Round "7"]
[White "Ferster,F"]
[Black "Schwarz,U"]
[Result "1/2-1/2"]
[WhiteElo "1999"]
[BlackElo "2127"]

1.e4 g6 2.d4 Bg7 3.Nc3 d6 4.Be3 Nf6 5.f3 c6 6.Qd2 Nbd7 7.Nh3 b5 8.g4 Nb6
9.Bh6 Bxh6 10.Qxh6 e5 11.dxe5 dxe5 12.Rd1 Qe7 13.Be2 Nbd7 14.O-O  1/2-1/2

[Event "22nd LIE-Open"]
[Site "Triesen LIE"]
[Date "2004.05.20"]
[Round "7"]
[White "Zozulia,A"]
[Black "Maier,P"]
[Result "1/2-1/2"]
[WhiteElo "2297"]
[BlackElo "2160"]

1.e4 g6 2.d4 Bg7 3.Nc3 d6 4.f4 a6 5.Nf3 b5 6.Bd3 Bb7 7.O-O Nd7 8.a4 b4 9.Nb1 c5
10.c3 e6 11.cxb4 cxb4 12.Nbd2 Ne7 13.Nc4 Nb6 14.Na5 Bc8 15.Bd2 O-O 16.Bxb4 f5
17.Qd2 fxe4 18.Bxe4 Ned5 19.g3 Qd7 20.Rac1 Ra7 21.Rc6 Nxb4 22.Qxb4 d5 23.Bd3 Nc4
24.Bxc4 dxc4 25.Qxc4 Qd8 26.Rc1 Bd7 27.Rxa6 Rxa6 28.Qxa6 Bxa4 29.Qxe6+ Kh8
30.Nc6 Bxc6 31.Rxc6 Bxd4+ 32.Kg2 Bxb2 33.Rd6 Qc8 34.Qd5 Qc2+ 35.Kh3 Qe2 36.Qd3 Qxd3
37.Rxd3 h6  1/2-1/2

[Event "22nd LIE-Open"]
[Site "Triesen LIE"]
[Date "2004.05.21"]
[Round "8"]
[White "Weindl,A"]
[Black "Habibi,Al"]
[Result "0-1"]
[WhiteElo "2351"]
[BlackElo "2282"]

1.d4 d6 2.e4 g6 3.Nc3 Bg7 4.Be3 Nf6 5.f3 c6 6.Qd2 Qa5 7.Bh6 Bxh6 8.Qxh6 Nbd7
9.Qd2 b5 10.Nge2 Nb6 11.b3 b4 12.Nd1 Qa3 13.c4 Nbd7 14.Ne3 c5 15.Nc2 Qa6
16.a3 bxa3 17.Rxa3 Qb6 18.d5 O-O 19.Nc3 Rb8 20.Be2 a6 21.O-O e5 22.dxe6 fxe6
23.Rd1 Ne8 24.Kh1 Ne5 25.f4 Nf7 26.Bf3 Ng7 27.Ne3 Qb4 28.Nc2 Qb6 29.h3 Bb7
30.Ne3 Qd8 31.Kh2 Qe7 32.Ne2 Rfe8 33.Qc3 e5 34.fxe5 Nxe5 35.Nf4 Rf8 36.Ned5 Qg5
37.Ne2 h5 38.Ng1 Ne6 39.Qd2 Qxd2 40.Rxd2 Nd4 41.Bd1 Rf1 42.Ne3 Re1 43.Nc2 Rxd1
44.Rxd1 Nxc2 45.Ra2 Nb4 46.Rf2 Nbd3 47.Rf6 Bxe4 48.Nf3 Bxf3 49.gxf3 Kg7 50.Rxd6 Rxb3  0-1

[Event "Hostan Open"]
[Site "Znojmo CZE"]
[Date "2004.05.22"]
[Round "8"]
[White "Vrana,F"]
[Black "Skaroupka,J"]
[Result "0-1"]
[WhiteElo "2289"]
[BlackElo "2124"]

1.e4 d6 2.d4 g6 3.Nc3 Bg7 4.g3 Nf6 5.h3 e5 6.Nge2 O-O 7.Bg2 Nc6 8.Be3 exd4
9.Nxd4 Bd7 10.O-O Re8 11.Re1 Nxd4 12.Bxd4 c5 13.Bxf6 Qxf6 14.Nd5 Qd8 15.c3 Bc6
16.Nf4 b5 17.Qc2 Qa5 18.Rad1 Rad8 19.a3 Qb6 20.h4 a5 21.h5 Re5 22.hxg6 hxg6
23.Re2 Qb7 24.Nd3 Ree8 25.Nf4 Re5 26.Nd3 Ree8 27.f3 Qb6 28.Nf4 Re5 29.Red2 c4+
30.Kf1 Qc5 31.Nd5 Kf8 32.f4 Rh5 33.Bf3 Rh3 34.Kg2 Rh8 35.Re2 Bd7 36.Qc1 Bh3+
37.Kh1 Bf1+  0-1

[Event "Summer II"]
[Site "Alushta UKR"]
[Date "2004.05.23"]
[Round "3"]
[White "Kononenko,Dmitry1"]
[Black "Onoprienko,V"]
[Result "1/2-1/2"]
[WhiteElo "2457"]
[BlackElo "2374"]

1.e4 g6 2.d4 Bg7 3.Nc3 d6 4.f4 Nf6 5.Nf3 O-O 6.Bd3 Na6 7.e5 Nd7 8.Be3 c5
9.Bxa6 bxa6 10.dxc5 Nxc5 11.Bxc5 dxc5 12.Qxd8 Rxd8 13.Kf2 Bf5 14.Rac1 f6
15.Rhd1 fxe5 16.Nxe5 Bxe5 17.fxe5 Rd4 18.Rxd4 cxd4 19.Ne2 Rd8 20.Rd1 Bxc2
21.Rxd4 Rb8 22.b3 Bf5 23.Rd5 Rc8 24.Nd4 Kf7 25.Ke3 Rc1 26.g3  1/2-1/2

[Event "2nd Leonine GM"]
[Site "Dhaka BAN"]
[Date "2004.05.23"]
[Round "6"]
[White "Murshed,N"]
[Black "Abdul,Mal"]
[Result "1-0"]
[WhiteElo "2471"]
[BlackElo "2243"]

1.e4 g6 2.d4 Bg7 3.Nc3 d6 4.f4 Nf6 5.Nf3 O-O 6.Be3 Na6 7.h3 c5 8.e5 Nd7 9.Bc4 cxd4
10.Bxd4 dxe5 11.fxe5 Qc7 12.Qe2 e6 13.Nb5 Qc6 14.Nxa7 Rxa7 15.Bxa7 b6 16.Bxa6 Bxa6
17.Qxa6 Qe4+ 18.Kf1 f6 19.Re1 Qa8 20.Rd1 Rf7 21.Kg1 Bf8 22.Kh2 Nc5 23.Qxb6 fxe5
24.Rd8 Qe4 25.Qxc5 Qf4+ 26.g3 Qxf3 27.Qe3  1-0

[Event "2nd Leonine GM"]
[Site "Dhaka BAN"]
[Date "2004.05.24"]
[Round "7"]
[White "Reefat,S"]
[Black "Murshed,N"]
[Result "1-0"]
[WhiteElo "2472"]
[BlackElo "2471"]

1.e4 d6 2.d4 g6 3.Nc3 Bg7 4.Be3 c6 5.Qd2 Nd7 6.f3 b5 7.h4 h5 8.Nh3 Ngf6 9.Ng5 O-O
10.a4 b4 11.Nd1 a5 12.c3 bxc3 13.bxc3 e5 14.Be2 Ba6 15.Bxa6 Rxa6 16.O-O d5
17.Qe2 Ra8 18.dxe5 Nxe5 19.f4 Neg4 20.e5 Nh7 21.Nf2 Nh6 22.Nd3 Nf5 23.Bf2 Re8
24.Rab1 f6 25.Nxh7 Kxh7 26.Rb7 Re7 27.Rfb1 Rxb7 28.Rxb7 Rb8 29.Qb2 Rxb7 30.Qxb7 fxe5
31.Nxe5 Qd6 32.Qa7 Qa3 33.g3 Qxc3 34.Qf7 Qc1+ 35.Kg2 Qc2 36.Qxg6+ Kg8 37.Qf7+ Kh7
38.Qxh5+ Kg8 39.Qf7+ Kh7 40.Nf3  1-0

[Event "57th ch-RUS Qualifier"]
[Site "Tomsk RUS"]
[Date "2004.05.25"]
[Round "3"]
[White "Frolov,D"]
[Black "Korotylev,A"]
[Result "0-1"]
[WhiteElo "2401"]
[BlackElo "2565"]

1.e4 d6 2.d4 g6 3.Nc3 Bg7 4.Be3 a6 5.a4 Nc6 6.h3 Nf6 7.Nf3 O-O 8.Be2 e5 9.dxe5 dxe5
10.Bc5 Re8 11.Bc4 Be6 12.Bxe6 Rxe6 13.O-O Nd7 14.Ba3 Nd4 15.Nd5 Nf6 16.c3 Nxf3+
17.Qxf3 Nxd5 18.exd5 e4 19.Qd1 Re8 20.a5 Qg5 21.Qb3 e3 22.Qxb7 Be5 23.Bc5 Qf4
24.g3 Qf3 25.Bxe3 Bxg3 26.Ra4 Rab8  0-1

[Event "2nd Leonine GM"]
[Site "Dhaka BAN"]
[Date "2004.05.28"]
[Round "11"]
[White "Abdulla,AlR"]
[Black "Murshed,N"]
[Result "1-0"]
[WhiteElo "2422"]
[BlackElo "2471"]

1.d4 g6 2.e4 Bg7 3.Nc3 d6 4.Bg5 c6 5.Qd2 Nd7 6.f4 b5 7.Nf3 Nb6 8.h3 Nf6 9.Bd3 b4
10.Ne2 c5 11.c3 bxc3 12.bxc3 cxd4 13.Nexd4 Bb7 14.Bxf6 Bxf6 15.e5 Bg7 16.Bb5+ Kf8
17.O-O Kg8 18.Rae1 Rc8 19.Ng5 h6 20.Nge6 fxe6 21.Nxe6 Nc4 22.Bxc4 Qb6+ 23.Rf2 Rxc4
24.exd6 exd6 25.Qd3 Kh7 26.Qxc4 Rc8 27.Qd3 Bxc3 28.Rd1 Bf6 29.Qxd6 Qxd6 30.Rxd6 Rc1+
31.Rf1  1-0

[Event "Chicago Open"]
[Site "Chicago USA"]
[Date "2004.05.29"]
[Round "3"]
[White "Vayserberg,T"]
[Black "Weeramantry,S"]
[Result "0-1"]
[WhiteElo "1905"]
[BlackElo "2199"]

1.e4 d6 2.Nc3 g6 3.d4 Bg7 4.Be3 c6 5.Qd2 b5 6.Bd3 Nd7 7.Nf3 Nb6 8.h3 Nf6
9.O-O O-O 10.Bh6 Qc7 11.Rad1 e5 12.Bxg7 Kxg7 13.d5 b4 14.Ne2 cxd5 15.Ng3 dxe4
16.Nxe4 Nxe4 17.Bxe4 d5 18.Bxd5 Rd8 19.Bxa8 Rxd2 20.Rxd2 Nxa8 21.Re1 f6 22.Red1 Nb6
23.b3 Be6 24.Ne1 a5 25.Rd6 Kf7 26.Rd8 Bd7  0-1

[Event "TCh-BIH"]
[Site "Neum BIH"]
[Date "2004.05.30"]
[Round "2"]
[White "Zelcic,R"]
[Black "Lazic,Mi"]
[Result "0-1"]
[WhiteElo "2509"]
[BlackElo "2481"]

1.e4 g6 2.d4 Bg7 3.Nc3 d6 4.f4 Nc6 5.Be3 Nf6 6.Nf3 O-O 7.Qd2 Bg4 8.e5 dxe5
9.dxe5 Qxd2+ 10.Nxd2 Nd7 11.h3 Be6 12.O-O-O f6 13.Nf3 Nb6 14.Nb5 Rac8 15.Nfd4 Nxd4
16.Nxd4 Bc4 17.exf6 Bxf6 18.Re1 Bxf1 19.Rhxf1 Nc4 20.c3 Bh4 21.Bf2 Bxf2 22.Rxf2 e5
23.Ne6 Rfe8 24.f5 gxf5 25.Nc5 Nd6 26.Nd7 Re7 27.Nf6+ Kg7 28.Nd5 Ree8 29.Ne3 Kg6
30.g3 Rf8 31.Nd5 Rfe8 32.Ne3 Rf8 33.Nd5 Rfe8 34.Ref1 c6 35.Ne3 Rf8 36.Ng2 Rce8
37.Kc2 Kg5 38.Rd2 Rf6 39.Nh4 Ree6 40.Nf3+ Kg6 41.Rfd1 Ne4 42.Rd8 Re7 43.Rg8+ Kf7
44.Rdd8 Rg6 45.Rgf8+ Ke6 46.Nh4 Rf6 47.Rg8 f4 48.gxf4 Rxf4 49.Ng2 Rf2+ 50.Kb3 Nf6
51.Rg5 Rd7 52.Rxd7 Nxd7 53.h4 Nc5+ 54.Ka3 Ne4 55.Rg4 Nd6 56.Ne3 Rf4 57.Rg5 Rxh4
58.Ng4 Nf7 59.Rg8 h5 60.Re8+ Kf5 61.Ne3+ Kf6 62.Rb8 Re4 63.Nf1 Re1 64.Nd2 e4
65.Rxb7 h4 66.Rb4 Nd6 67.Rb8 Kg7 68.Rd8 Nf7 69.Rd4 Ng5 70.Rd7+ Kg6 71.Rd6+ Kf5
72.Nc4 e3 73.Rd8 e2  0-1

[Event "ch-City"]
[Site "Solingen GER"]
[Date "2004.05.30"]
[Round "4"]
[White "Mueller,Fa"]
[Black "Podzielny,KH"]
[Result "1/2-1/2"]
[WhiteElo "2179"]
[BlackElo "2479"]

1.e4 g6 2.d4 Bg7 3.Nc3 d6 4.g3 a6 5.Bg2 b5 6.a3 Bb7 7.Nge2 Nd7 8.O-O e6 9.Be3 Qb8
10.d5 e5 11.f4 Ngf6 12.h3 exf4 13.gxf4 O-O 14.Ng3 Re8 15.Qd2 a5 16.a4 b4
17.Nb5 Ba6 18.Nd4 Bxf1 19.Nc6 Bxg2 20.Nxb8 Bxh3 21.Nxd7 Bxd7 22.Bd4 Rac8
23.c3 b3 24.c4 c5 25.Bc3 h5 26.e5 dxe5 27.fxe5 Ng4 28.e6 Bxc3 29.Qxc3 fxe6
30.d6 Bc6 31.d7 Bxd7 32.Qd3 Re7 33.Rf1 Rg7 34.Rf4 e5 35.Qd5+ Kh8 36.Rxg4 Bxg4
37.Qxe5 Bf3 38.Qf6 Bc6 39.Ne2 Kh7 40.Nf4 Bd7 41.Nd5 Bg4 42.Qg5 Rf8 43.Nf6+ Rxf6
44.Qxf6 Rd7  1/2-1/2

[Event "Summer II"]
[Site "Alushta UKR"]
[Date "2004.05.31"]
[Round "12"]
[White "Kalugin,S"]
[Black "Abbasov,F"]
[Result "0-1"]
[WhiteElo "2454"]
[BlackElo "2435"]

1.e4 g6 2.d4 Bg7 3.Nc3 d6 4.Bc4 c6 5.Qf3 e6 6.Nge2 b5 7.Bb3 a6 8.O-O Bb7
9.Nf4 Bxd4 10.Bxe6 fxe6 11.Nxe6 Qf6 12.Nxd4 Qxd4 13.Rd1 Qf6 14.Qg3 Ne7 15.Rxd6 Qf7
16.Bh6 Nd7 17.Rxd7 Kxd7 18.Rd1+ Kc8 19.Qh3+ Nf5 20.exf5 Qxf5 21.Qxf5+ gxf5
22.Bg5 c5 23.Nd5 Bxd5 24.Rxd5 Rf8 25.Rxc5+ Kd7 26.Bf4 Rac8 27.Rd5+ Ke7 28.Re5+ Kf6
29.Re2 Rfe8 30.Rxe8 Rxe8 31.Kf1 Re4 32.Bd2 Ra4 33.a3 Rh4 34.h3 Ke5 35.f4+ Ke4
36.Kf2 Rh6 37.Ke2 Rc6 38.c3 Rg6 39.Kf2 Kd3 40.Be3 Kc2 41.b4 Kxc3 42.Kf3 h5  0-1

[Event "TCh-BIH"]
[Site "Neum BIH"]
[Date "2004.05.31"]
[Round "3"]
[White "Cabrilo,G"]
[Black "Vujadinovic,G"]
[Result "1/2-1/2"]
[WhiteElo "2487"]
[BlackElo "2388"]

1.e4 d6 2.d4 g6 3.Nc3 Bg7 4.f4 Nf6 5.Nf3 O-O 6.Bd3 Nc6 7.O-O e5 8.fxe5 dxe5
9.d5 Nd4 10.Nxe5 Nxe4 11.Nxe4 Bxe5 12.Bg5 f6 13.Bh6 Rf7 14.Nc3  1/2-1/2

[Event "3rd ACP Blitz Prelim1"]
[Site "playchess.com INT"]
[Date "2004.05.31"]
[Round "10"]
[White "Baklan,V"]
[Black "Lobron,E"]
[Result "1-0"]
[WhiteElo "2615"]
[BlackElo "2493"]

1.e4 g6 2.d4 Bg7 3.Nc3 d6 4.f4 a6 5.Nf3 b5 6.Bd3 Bb7 7.O-O Nd7 8.e5 c5 9.Be4 Bxe4
10.Nxe4 cxd4 11.exd6 Nh6 12.Nxd4 Qb6 13.c3 Nf5 14.dxe7 Bxd4+ 15.cxd4 Qxd4+
16.Qxd4 Nxd4 17.Bd2 Kxe7 18.Rae1 Ne6 19.Bb4+ Kd8 20.Nd6  1-0

[Event "3rd ACP Blitz Prelim1"]
[Site "playchess.com INT"]
[Date "2004.05.31"]
[Round "13"]
[White "Atarov,E"]
[Black "Lobron,E"]
[Result "1/2-1/2"]
[WhiteElo "2138"]
[BlackElo "2493"]

1.e4 g6 2.d4 Bg7 3.Nc3 d6 4.Be3 a6 5.Qd2 Nd7 6.O-O-O b5 7.a3 Bb7 8.f4 Ngf6
9.Bd3 Ng4 10.Nf3 Nxe3 11.Qxe3 c5 12.Kb1 cxd4 13.Nxd4 Qb6 14.Nce2 e5 15.fxe5 dxe5
16.Nf5 gxf5 17.Qg3 Qg6 18.Qh3 Qg4 19.Qxg4 fxg4 20.Ng3 Nc5 21.Nf5 Bf8 22.Be2 h5
23.h3 Nxe4 24.Rhf1 gxh3 25.gxh3 Rd8 26.Rxd8+ Kxd8 27.Rd1+ Kc7 28.c4 Nf2 29.Rf1 Bc5
30.Ka2 bxc4 31.Bxc4 Bd5 32.Bxd5 Nxh3 33.Bxf7 Nf4 34.Nh4 Rh7 35.Bc4 a5 36.a4 Be7
37.Nf5 h4 38.Ne3 h3 39.Rh1 h2 40.Ng4 Bd6 41.Rxh2 Rxh2 42.Nxh2 e4 43.Ng4 Kb6
44.Ne3 Kc5 45.Bb5 Be5 46.Kb3 Bd4 47.Nf5 e3 48.Kc2 Kd5 49.b3 Ke4 50.Nxd4 Kxd4
51.Kd1 Kc3 52.Bc4 Kd4 53.Ke1 Ke4 54.Bg8 Kf3 55.Bc4 e2 56.Kd2 Kf2 57.Bxe2 Nxe2
58.Kd3 Nc1+ 59.Kc4 Ke3 60.b4 axb4 61.Kxb4 Nd3+ 62.Kb5 Kd4 63.a5 Nc5 64.Kb6 Kd5
65.Kb5 Kd6 66.Kb6 Kd5 67.Kb5 Kd6 68.a6 Nxa6  1/2-1/2

[Event "TCh-BIH"]
[Site "Neum BIH"]
[Date "2004.06.05"]
[Round "8"]
[White "Fercec,N"]
[Black "Vujadinovic,G"]
[Result "1-0"]
[WhiteElo "2460"]
[BlackElo "2388"]

1.e4 d6 2.d4 g6 3.Nc3 Bg7 4.Bg5 c6 5.Qd2 b5 6.f4 Qb6 7.Nf3 Bg4 8.O-O-O b4
9.Ne2 Nd7 10.h3 Bxf3 11.gxf3 c5 12.dxc5 Nxc5 13.Kb1 Rd8 14.Nd4 a6 15.Bc4 Nf6
16.Nb3 O-O 17.Qf2 Rc8 18.e5 dxe5 19.fxe5 Nfd7 20.Bxe7 Rfe8 21.Bxc5 Nxc5 22.f4 Rc6
23.Nxc5 Rxc5 24.Rd7 Kh8 25.Bxf7 Qc6 26.Rhd1 Rf8 27.e6 Rxf7 28.Rd8+  1-0

[Event "II Gyorgy Marx Mem IM"]
[Site "Paks HUN"]
[Date "2004.06.05"]
[Round "1"]
[White "Konnyu,J"]
[Black "Bogdan,D"]
[Result "0-1"]
[WhiteElo "2257"]
[BlackElo "2452"]

1.e4 g6 2.d4 Bg7 3.Nc3 d6 4.Be3 a6 5.Qd2 b5 6.a4 b4 7.Nce2 a5 8.c3 bxc3 9.bxc3 Nd7
10.Ng3 Nb6 11.Bd3 h5 12.Nf3 h4 13.Ne2 h3 14.gxh3 Rxh3 15.Ng5 Rh8 16.f4 e6
17.O-O Ne7 18.Ng3 f6 19.f5 exf5 20.exf5 gxf5 21.Nxf5 Nxf5 22.Bxf5 Bxf5 23.Rxf5 Qd7
24.Qd3 d5 25.Bf4 Kd8 26.Nf3 Kc8 27.Nd2 Bh6 28.Nb3 Bxf4 29.Rxf4 Qh3 30.Qxh3+ Rxh3
31.Rxf6 Rxc3 32.Nc5 Nd7 33.Nxd7 Kxd7 34.Rf5 Rg8+ 35.Kf1 c6 36.Rb1 Rc4 37.Rb7+ Ke6
38.Rf4 Rg6 39.Kf2 Rxa4 40.h4 Ra2+ 41.Kf1 Rf6 42.Rxf6+ Kxf6 43.Ra7 a4 44.Ra6 a3
45.Rxc6+ Kf5 46.Ra6 Kg4 47.Ke1 Kxh4 48.Kd1 Kg4 49.Kc1 Kf5 50.Ra4 Ke4 51.Kb1 Rb2+
52.Kc1 Rb3 53.Kc2 Rd3 54.Kc1 Rc3+ 55.Kb1 Ke3 56.Ka2 Rd3 57.Kb1 Kd2 58.Ka2 Kc2
59.Rb4 Kc3 60.Kxa3 Rxd4 61.Rb3+ Kd2 62.Rb5 Rd3+ 63.Kb2 d4 64.Rb4 Kd1 65.Kb1 Rd2
66.Rc4 Ke2 67.Kc1 Rd1+ 68.Kb2 d3 69.Rh4 Rf1 70.Kc3 Rc1+ 71.Kb2 d2  0-1

[Event "8th Open"]
[Site "Voronezh RUS"]
[Date "2004.06.12"]
[Round "1"]
[White "Ishkov,O"]
[Black "Zakharevich,I"]
[Result "1-0"]
[WhiteElo "2324"]
[BlackElo "2515"]

1.e4 g6 2.d4 Bg7 3.Nc3 d6 4.h4 Nf6 5.Be2 c5 6.dxc5 Qa5 7.Kf1 Qxc5 8.Be3 Qa5
9.h5 gxh5 10.Nh3 Ng4 11.Bd2 Be6 12.Nf4 Qb6 13.Qe1 Nc6 14.Rxh5 Nge5 15.Ncd5 Bxd5
16.Nxd5 Qd8 17.c3 e6 18.Ne3 Qf6 19.g3 Qg6 20.f4 Qxe4 21.Qf2 Qg6 22.fxe5 Nxe5
23.Rh4 h5 24.Ng2 O-O-O 25.Qxa7 Nc6 26.Rc4  1-0

[Event "8th Open"]
[Site "Voronezh RUS"]
[Date "2004.06.13"]
[Round "2"]
[White "Lukovnikov,A"]
[Black "Filippov,Vl"]
[Result "1-0"]
[WhiteElo "2348"]
[BlackElo "2159"]

1.e4 d6 2.d4 g6 3.Nc3 Bg7 4.g3 a6 5.a4 Nf6 6.Bg2 O-O 7.Nge2 Nc6 8.h3 e5 9.Be3 Rb8
10.a5 Nd7 11.O-O exd4 12.Nxd4 Bxd4 13.Bxd4 Nxa5 14.Rxa5 c5 15.Ra1 cxd4 16.Qxd4 Ne5
17.f4 Nc6 18.Qd2 Qf6 19.Rad1 Rd8 20.b3 b5 21.Nd5 Qg7 22.e5 Bb7 23.exd6 h5
24.f5 Ne5 25.f6 Qf8 26.Ne7+ Kh7 27.Bxb7 Rxb7 28.Qd5  1-0

[Event "8th Open"]
[Site "Voronezh RUS"]
[Date "2004.06.14"]
[Round "3"]
[White "Nadeev,S"]
[Black "Mednikov,G"]
[Result "1-0"]
[WhiteElo "2353"]
[BlackElo "2208"]

1.e4 g6 2.d4 Bg7 3.Nc3 d6 4.Be3 c6 5.Qd2 b5 6.f3 Qa5 7.Bd3 Nd7 8.Nge2 Nb6
9.O-O Nc4 10.Bxc4 bxc4 11.Rfb1 Rb8 12.b3 cxb3 13.axb3 Qc7 14.e5 h6 15.exd6 exd6
16.Ne4 f5 17.N4g3 Nf6 18.c4 O-O 19.Bf4 c5 20.dxc5 Qxc5+ 21.Kh1 Rd8 22.Ra5 Qb4
23.Qa2 Nd7 24.Rd5 Nb6 25.Bd2 Nxd5 26.Bxb4 Nxb4 27.Qa5 Be6 28.Nf4 Bf7 29.h4 Be5
30.Nge2 Rdc8 31.Rd1 Rc5 32.Qa3 a5 33.g3 Nc2 34.Qa2 Ne3 35.Rd3 Nxc4 36.bxc4 Bxc4
37.Qa4 Bxd3 38.Nxd3 Rcb5 39.Kg2 Bg7 40.Nef4 Kh7 41.Nh3 Bf6 42.Qa2 Rb1 43.Qxa5  1-0